<The> Dominican Republic's economic stabilisation program, 1990-1992.
Hospodársky vývoj Dominikánskej republiky od r. 1968. Programy na ozdravenie ekonomiky v rokoch osemdesiatych, ich podstata a výsledky. Program stabilizácie hospodárstva zahájený devalváciou pesety v apríli 1990. Ciele programu: zníženie inflácie, zvýšenie úspor, posilnenie platobnej bilancie, zlepš...
Salvato in:
| Natura: | Capitolo di libro |
|---|---|
| Lingua: | inglese |
| Soggetti: | |
| Tags: |
Nessun Tag, puoi essere il primo ad aggiungerne!!
|
MARC
| LEADER | 00000naa a2200000 4500 | ||
|---|---|---|---|
| 001 | r012582 | ||
| 005 | 20220826094744.6 | ||
| 041 | 0 | |a eng | |
| 044 | |a [SU] | ||
| 245 | 1 | 0 | |a <The> Dominican Republic's economic stabilisation program, 1990-1992. |
| 520 | |a Hospodársky vývoj Dominikánskej republiky od r. 1968. Programy na ozdravenie ekonomiky v rokoch osemdesiatych, ich podstata a výsledky. Program stabilizácie hospodárstva zahájený devalváciou pesety v apríli 1990. Ciele programu: zníženie inflácie, zvýšenie úspor, posilnenie platobnej bilancie, zlepšenie verejných financií s menovými, cenovými, mzdovými a devízovými opatreniami. Doterajší priebeh programu, výsledky, úlohy. | ||
| 610 | 2 | 0 | |a rozvoj hospodársky |
| 610 | 2 | 0 | |a Dominikánska republika |
| 610 | 2 | 0 | |a stabilizácia hospodárstva |
| 610 | 2 | 0 | |a 1990-1992 |
| 610 | 2 | 0 | |a devalvácia |
| 610 | 2 | 0 | |a peseta |